Statistics for Movies With Places in the Title #3

Click here to take the quiz!

General Stats

  • This quiz has been taken 177 times
  • The average score is 10 of 24

Answer Stats

YearMovie% Correct
2015Straight Outta {Compton}
87%
1951An American in {Paris}
79%
1957The Bridge on the River {Kwai}
72%
1995Leaving {Las} {Vegas}
68%
2016{Manchester} by the Sea
63%
2017Three Billboards Outside Ebbing, {Missouri}
62%
1988{Mississippi} Burning
48%
2020The Trial of the {Chicago} 7
45%
2005The {Amityville} Horror
44%
2008In {Bruges}
40%
1961Judgment at {Nuremberg}
39%
2003Once Upon a Time in {Mexico}
38%
2006Letter From {Iwo} {Jima}
32%
2001The Tailor of {Panama}
32%
2006This Is {England}
31%
2007The {Darjeeling} Limited
30%
1940The {Philadelphia} Story
30%
2016Train to {Busan}
28%
1979{Moscow} Does Not Believe in Tears
22%
1986{Shanghai} Surprise
20%
1953{Tokyo} Story
19%
2017The {Florida} Project
15%
1990The {Russia} House
13%
2016The Queen of {Spain}
10%

Score Distribution

Percentile by Number Answered

Percent of People with Each Score

Your Score History

You have not taken this quiz